| 000 | 00352nam a2200157Ia 4500 | ||
|---|---|---|---|
| 008 | 230711s9999||||xx |||||||||||||| ||und|| | ||
| 041 | _aENG | ||
| 082 |
_a800 _bBA-G |
||
| 100 | _aBarron's | ||
| 245 | 0 | _aGRE-2008 | |
| 250 | _a17th | ||
| 260 |
_c2008 _aNew Delhi _bGalgotia Publications Pvt.Ltd |
||
| 300 | _a543 | ||
| 650 | _aLiterature | ||
| 942 | _cBK | ||
| 999 |
_c4877 _d4877 |
||